Martha Quest

Enregistré dans:
Détails bibliographiques
Auteur principal: Lessing, Doris
Format: Livre
Langue:Undetermined
Publié: Barcelona Argos Vergara 1980
Sujets:
Tags: Ajouter un tag
Pas de tags, Soyez le premier à ajouter un tag!

MARC

LEADER 00000nam a2200000Ia 4500
008 170316s9999 xx 000 0 und d
040 |a cru BVZT 
090 |a 820 L-5m 
100 |a Lessing, Doris 
245 |a Martha Quest 
260 |a Barcelona 
260 |b Argos Vergara 
260 |c 1980 
300 |a 285 páginas 
650 |a LITERATURA INGLESA 
999 |c 6991  |d 6991 
942 |c 15 D  |h 820 L-5m  |2 z